Eslabón educativo /
Guardado en:
| Autor Principal: | |
|---|---|
| Formato: | Libro |
| Publicado: |
Córdoba :
T.a.p.as,
1980
|
| Series: | Colección; No. 1
|
| Materias: | |
| Etiquetas: |
Agregar Etiqueta
Sin Etiquetas, Sea el primero en etiquetar este registro!
|
| LEADER | 01103nam a22001815a 4500 | ||
|---|---|---|---|
| 001 | CEM.cems012334 | ||
| 005 | 20061020154259.0 | ||
| 008 | 130507s1980##################000#0#####d | ||
| 003 | CEMS | ||
| 082 | 0 | 4 | |a 372.05 |
| 100 | 1 | |a Scandolo de O´shea, Noemí | |
| 245 | 1 | 0 | |a Eslabón educativo / |c Noemí Scandolo de O´shea |
| 260 | |a Córdoba : |b T.a.p.as, |c 1980 | ||
| 490 | 0 | |a Colección; No. 1 | |
| 500 | |a Para padres y maestros de escuelas maternales, jardines de infantes y escuelas diferenciales | ||
| 505 | 0 | |a Educación física -- Orientaciones pedagógicas sobre educación física -- Formas prácticas de psicomotricidad -- Literatura -- Los títeres viven en mi jardín -- Cuentos y poesías para jugar -- Educación para la salud -- Prevención de pediculosis -- Planeamiento -- Unidad de Centro de Interés "Nuestra Peluquería" -- Reflexiones psicopedagógicas -- ¿Qué significa educación psicomotriz? -- Música -- Cancionero -- Taller didáctico -- Material de aplicación de Eslabón educativo No. 1 | |
| 653 | |a Educación inicial | ||
| 859 | |a CEMS |b BIB. CEMS - 11 de abril |h 372.05 |i Es47-1 |p 11049.82 |t Ej.1 | ||
